00306nam a2200121Ia 4500008004100000041001200041082001600053100001500069245004300084260003000127440000900157650001800166240126s9999 xx 000 0 und d aEnglish aPRHM17-1877 aSuhas J V. 0aFood and Beverage ServicebV Jaykumar. bPES UniversityaBangalore aNULL aFood,Beverage